Compensation Management in a Knowledge based World (Record no. 4443)

MARC details
000 -LEADER
fixed length control field 00363nam a2200145Ia 4500
008 - FIXED-LENGTH DATA ELEMENTS--GENERAL INFORMATION
fixed length control field 191201s2009 xx 000 0 und d
082 ## - DEWEY DECIMAL CLASSIFICATION NUMBER
Classification number 658.32
Item number HEC
100 ## - MAIN ENTRY--PERSONAL NAME
Personal name HENDERSON,Richard
245 #0 - TITLE STATEMENT
Title Compensation Management in a Knowledge based World
250 ## - EDITION STATEMENT
Edition statement 4th IMP
260 ## - PUBLICATION, DISTRIBUTION, ETC. (IMPRINT)
Place of publication, distribution, etc N. Delhi
Name of publisher, distributor, etc Pearson
Date of publication, distribution, etc 2009
300 ## - PHYSICAL DESCRIPTION
Extent 550
650 ## - SUBJECT ADDED ENTRY--TOPICAL TERM
Topical term or geographic name as entry element BBA
942 ## - ADDED ENTRY ELEMENTS (KOHA)
Source of classification or shelving scheme Dewey Decimal Classification
Koha item type Text Books
Holdings
Withdrawn status Lost status Source of classification or shelving scheme Damaged status Not for loan Collection code Home library Current library Date acquired Source of acquisition Cost, normal purchase price Bill Number Total Checkouts Full call number Acc. no. / Barcode Date last seen Bill Date Koha item type Checked out Date last borrowed Public note
    Dewey Decimal Classification     BBA PIET C-LIBRARY PIET C-LIBRARY 23/04/2010 J B C, New Delhi 499.00 SI-4892   658.32 HEC 14973 04/12/2019 09/03/2010 Text Books      
    Dewey Decimal Classification     BBA PIET C-LIBRARY PIET C-LIBRARY 23/04/2010 J B C, New Delhi 499.00 SI-4892   658.32 HEC 14974 04/12/2019 09/03/2010 Text Books      
    Dewey Decimal Classification     BBA PIET C-LIBRARY PIET C-LIBRARY 23/04/2010 J B C, New Delhi 499.00 SI-4892   658.32 HEC 14975 04/12/2019 09/03/2010 Text Books      
    Dewey Decimal Classification     BBA PIET C-LIBRARY PIET C-LIBRARY 23/04/2010 J B C, New Delhi 499.00 SI-4892 1 658.32 HEC 14976 22/01/2022 09/03/2010 Text Books 21/07/2022 22/01/2022 .
    Dewey Decimal Classification     BBA PIET C-LIBRARY PIET C-LIBRARY 23/04/2010 J B C, New Delhi 499.00 SI-4892   658.32 HEC 14977 04/12/2019 09/03/2010 Text Books      
    Dewey Decimal Classification     BBA PIET C-LIBRARY PIET C-LIBRARY 23/04/2010 J B C, New Delhi 499.00 SI-4892   658.32 HEC 14978 04/12/2019 09/03/2010 Text Books      

Design & Developed by: PIET Central Library
R70 Miles Stone Pattikalyana Samalkha Panipat 132102
mail ID :- [email protected], Phone No:- 0180-2569700 Ex.216